01606 a2200169 45000010006000000050017000060080041000230030015000640400040000790800035001192450065001542640041002193000019002605051121002790410008014001000028014083630520260407155639.0260407a1958 arg spa dAR-UNSa-BCEJYS aAR-UNSa-BCEJYSbspacAR-UNSa-BCEJYS a35xAdministración Pública10aPoder discrecional administrativop(arbitrio administrativo) 1aBuenos Aires :bAbeledo Perrotc1958 a302 p.c20 cm. a1. Arbitrio ordinario y extraordinario - 2. Arbitrio ordinario, extraordinario y norma - 3. Totalidad del ordenamiento jurídico y el arbitrio - 4. Formulas elásticas aplicadas por normas generales o por normas individuales - 5. La fórmula elástica expresada, la construida y la explicitada - 6. Leyes de competencia y normas de competencia - 7. Fines de conducta y regla de especialidad - 8. Competencia y regla de especialidad - 9. Ubicación del contenido dogmático de finalidad en la norma - 10. Estado de derecho y legalidad de la administración - 11. Razonabilidad y valoración jurídica - 12. Las sanciones contra el organo administrativo - 13. El deber de razonabilidad a cargo de la administración en la república argentina - 14. Arbitrio administrativo ordinario y su ejercicio razonable e irrazonable - 15. Arbitrio extraordinario y su ejercicio razonable e irrazonable - 16. Relación entre las formulas de razonabilidad y de finalidad - 17. El acto administrativo con mero fundamento de razonabilidad - 18. Arbitrio administrativo y politica - 19. Recapitulación y género proximo aspa1 aLinares, Juan Francisco